000
00284nam a22001217a 4500
008
180111b xxu||||| |||| 00| 0 eng d
041
_a
eng
080
_a
038
100
_a
23
101
_a
FJA
245
_a
The merriam-webster dictionary of english usage
_c
WEBSTER
942
_2
udc
_c
BK
999
_c
40127
_d
40127